000 00387 a2200157 4500
001 158962
020 _a
040 _cMagnum
100 _aMartho, Gilberto
240 1 0 _aO universo da ciencia / a evolucao dos seres vivos
_lpor
245 1 0 _aO universo da ciencia / a evolucao dos seres vivos
362 0 _a1899
440 1 _aScipione
697 _aMAGNITO: COLECAO
942 _cBK
999 _c158962
_d158962